00325nam a2200133Ia 45000030006000000080041000060400015000471000019000622450061000812500011001422600009001535460012001620050017001740STCL150530s9999 xx 000 0 und d aSTCLcSTCL aDouglas V Hall aMicroprocessors and interfacing programming and hardware aSecond c2004 aEnglish20220125170527.0